Nommez ces personnes célèbres - Quiz d'images #5 - Statistiques

Statistiques générales
  • Ce quiz a été pris 454 fois
  • Le résultat moyen est 7 sur 15
Statistiques - réponses
Par images Hint Réponse % Correct
Colombie Shakira
97%
Etats-Unis Angelina Jolie
85%
Afrique du Sud Elon Musk
76%
Royaume-Uni Margaret Thatcher
75%
Canada Drake
70%
Teinite-et-Tobago Nicki Minaj
67%
Nouvelle-Zelande Russell Crowe
37%
Allemagne Diane Kruger
33%
Russie Boris Eltsine
32%
France Juliette Binoche
27%
Brésil Dilma Rousseff
17%
Finlande Mika Häkkinen
14%
Auatralie Julian Assange
13%
Suède Alexander Skarsgård
7%
Italie Asia Argento
6%
Aucun quiz correspondant
Distribution des résultats
% des personnes avec chaque résultat
Percentile par nombre de réponses
Votre historique - résultats
Vous n’avez pas pris ce quiz